000 00854nam a2200229 a 4500
001 000015616
005 20240229073954.0
008 100215s1979 dr 001 0 spa d
040 _aDO-SdBNP
_bspa
_cBNPHU
082 _axxxx
_bC411p
245 1 0 _aCerámica precolombina de Martiníca /
_cedición Ramón Ant. Núñez, José Chez Checo ; traducción María de Giubiley ; presentación Bernardo Vega.
260 _aSanto Domingo :
_bMuseo del Hombre Dominicano,
_c1979.
_fTaller
300 _a13 p. :
_bil. ;
_c21 cm.
490 1 _aCatálogo y memorias
_vno. 10
500 _aExposición temporal
700 1 _aNúñez, Ramón Ant.
_935201
700 1 _aGiubiley, María de
_etr.
_935202
700 1 _aChez Checo, José,
_d1949-
_eed.
_910145
700 1 _aVega, Bernardo,
_d1938 -
_93222
830 0 _aCatálogo y memorias
_vno. 10
_935203
049 _aBNPD
999 _c15171
_d15171